| 000 | 01033cam a22003137a 4500 | ||
|---|---|---|---|
| 003 | CHAP | ||
| 005 | 20220329133435.0 | ||
| 008 | 971013s1992 r 00010 d | ||
| 010 | _a6414 | ||
| 011 | _a7386 | ||
| 035 | _a6609 | ||
| 040 | _cCHAP | ||
| 090 | _aTesis | ||
| 100 | 0 | 0 |
_aFlores Barrera, Sofía. _941449 |
| 245 | 1 | 3 |
_aEl mercado de la madera aserrada en el Estado de México _b: abastecimiento, industria y comercialización |
| 260 |
_aChapingo, Méx. : _bEl autor, _c1992 |
||
| 300 |
_a102 h. _e+ 19 h. |
||
| 500 | _a62-54 | ||
| 502 | _aTesis (Ing. Forestal) -- UACH. División de Ciencias Forestales | ||
| 590 |
_aALEPH _b10 _c20130110 _lUCH01 _h1218 |
||
| 590 |
_aBATCH-UPD _b10 _c20130110 _lUCH01 _h2231 |
||
| 590 |
_aBATCH-UPD _b10 _c20130410 _lUCH01 _h1526 |
||
| 590 |
_aBATCH-UPD _b10 _c20130914 _lUCH01 _h1740 |
||
| 590 |
_aCONVERSION _b10 _c20130109 _lUCH01 _h1305 |
||
| 650 | 1 | 4 |
_aMadera aserrada _xMercadeo _xMéxico (Edo.) _969640 |
| 901 | _aBK | ||
| 942 | _cTESIS | ||
| 949 |
_bBC _cTES _d-16216 _eTS1 _h25032 _i6609 _si |
||
| 999 |
_c6414 _d6414 |
||